Động vật học không xương sống
Nội dung gồm 2 phần: lý thuyết và thực hành. Trong nội dung thực hành, ngoài các bài tiến hành trực tiếp trên các động vật đại diện còn có các bài đề cập tới cơ sở vật chất cần thiết cho thực hành động vật, tổ chức góc sinh giới...
Đã lưu trong:
| 主要作者: | |
|---|---|
| 格式: | 图书 |
| 语言: | Undetermined |
| 出版: |
Hà Nội
Đại học Sư phạm Hà Nội
2009
|
| 主题: | |
| 标签: |
添加标签
没有标签, 成为第一个标记此记录!
|
| Thư viện lưu trữ: | Trung tâm Học liệu Trường Đại học Cần Thơ |
|---|
| LEADER | 01074nam a2200205Ia 4500 | ||
|---|---|---|---|
| 001 | CTU_147900 | ||
| 008 | 210402s9999 xx 000 0 und d | ||
| 020 | |c 85000 | ||
| 082 | |a 592 | ||
| 082 | |b B103 | ||
| 100 | |a Thái, Trần Bái | ||
| 245 | 0 | |a Động vật học không xương sống | |
| 245 | 0 | |c Thái Trần Bái ( chủ biên ), Nguyễn Văn Khang | |
| 260 | |a Hà Nội | ||
| 260 | |b Đại học Sư phạm Hà Nội | ||
| 260 | |c 2009 | ||
| 520 | |a Nội dung gồm 2 phần: lý thuyết và thực hành. Trong nội dung thực hành, ngoài các bài tiến hành trực tiếp trên các động vật đại diện còn có các bài đề cập tới cơ sở vật chất cần thiết cho thực hành động vật, tổ chức góc sinh giới và thực tập ngoài thiên nhiên. | ||
| 650 | |a Invertebrates,Động vật không xương sống | ||
| 904 | |i Qhieu | ||
| 980 | |a Trung tâm Học liệu Trường Đại học Cần Thơ | ||